• AIU
  • Tony Wilmot Memorial Library

International communication : (Record no. 67732)

MARC details
000 -LEADER
fixed length control field 01616cam a2200349 i 4500
001 - CONTROL NUMBER
control field 20691724
003 - CONTROL NUMBER IDENTIFIER
control field OSt
005 - DATE AND TIME OF LATEST TRANSACTION
control field 20231030143026.0
008 - FIXED-LENGTH DATA ELEMENTS--GENERAL INFORMATION
fixed length control field 180913s2018 enk b 001 0 eng c
010 ## - LIBRARY OF CONGRESS CONTROL NUMBER
LC control number 2018039914
020 ## - INTERNATIONAL STANDARD BOOK NUMBER
International Standard Book Number 9781780932651
Qualifying information (paperback :
-- alk. paper)
020 ## - INTERNATIONAL STANDARD BOOK NUMBER
Cancelled/invalid ISBN 9781780932675
Qualifying information (ePDF)
020 ## - INTERNATIONAL STANDARD BOOK NUMBER
Cancelled/invalid ISBN 9781780932668
Qualifying information (eBook)
040 ## - CATALOGING SOURCE
Original cataloging agency LBSOR/DLC
Language of cataloging eng
Transcribing agency LBSOR
Description conventions rda
Modifying agency DLC
042 ## - AUTHENTICATION CODE
Authentication code pcc
050 00 - LIBRARY OF CONGRESS CALL NUMBER
Classification number P96.I5
Item number .T48 2018
082 00 - DEWEY DECIMAL CLASSIFICATION NUMBER
Classification number 302.2
Edition number 23
100 1# - MAIN ENTRY--PERSONAL NAME
Personal name Thussu, Daya Kishan,
Relator term author.
9 (RLIN) 55538
245 10 - TITLE STATEMENT
Title International communication :
Remainder of title continuity and change /
Statement of responsibility, etc Daya Kishan Thussu.
250 ## - EDITION STATEMENT
Edition statement Third edition.
300 ## - PHYSICAL DESCRIPTION
Extent xxii, 369 pages ;
Dimensions 24 cm
504 ## - BIBLIOGRAPHY, ETC. NOTE
Bibliography, etc Includes bibliographical references and index.
505 0# - FORMATTED CONTENTS NOTE
Formatted contents note The historical context of international communication -- Approaches to theorizing international communication -- Creating a global communication infrastructure -- The global media market -- The global and the local in media cultures -- Contraflow in global media the globalization of China's media -- International communication in the digital age.
520 ## - SUMMARY, ETC.
Summary, etc "With new case studies and pedagogical features, this bestseller is compulsory reading for all media and communication studies students"--
650 #0 - SUBJECT ADDED ENTRY--TOPICAL TERM
Topical term or geographic name as entry element Communication, International.
9 (RLIN) 55539
650 #0 - SUBJECT ADDED ENTRY--TOPICAL TERM
Topical term or geographic name as entry element Mass media.
9 (RLIN) 55540
650 #0 - SUBJECT ADDED ENTRY--TOPICAL TERM
Topical term or geographic name as entry element Communication, International
Form subdivision Case studies.
9 (RLIN) 55541
650 #0 - SUBJECT ADDED ENTRY--TOPICAL TERM
Topical term or geographic name as entry element Mass media
Form subdivision Case studies.
9 (RLIN) 55542
906 ## - LOCAL DATA ELEMENT F, LDF (RLIN)
a 7
b cbc
c orignew
d 1
e ecip
f 20
g y-gencatlg
942 ## - ADDED ENTRY ELEMENTS (KOHA)
Source of classification or shelving scheme Library of Congress Classification
Koha item type Books
Holdings
Withdrawn status Lost status Source of classification or shelving scheme Damaged status Not for loan Collection code Home library Current library Shelving location Date acquired Source of acquisition Cost, normal purchase price Total Checkouts Full call number Barcode Date last seen Copy number Price effective from Koha item type
    Library of Congress Classification     General Circulation AIU/NEGST - Tony Wilmot Memorial Library AIU/NEGST - Tony Wilmot Memorial Library General Stacks 10/19/2023 Purchase - Regent Book Supplies 30.71   P 96.I5.T48 2018 T00653W3232 10/30/2023 1 10/30/2023 Books